000 00220nmm a2200085Ia 4500
008 220120s9999||||xx |||||||||||||||||und||
100 _aEFY
245 0 _aEFY dedicated to the embedded world
260 _aCyber media Pvt. Ltd.
999 _c139744
_d139744